|
|
|
|
| LEADER |
00000nam0a2200000 4500 |
| 001 |
204578 |
| 005 |
20231031190106.0 |
| 010 |
|
|
|a 5229005092
|
| 020 |
|
|
|a RU
|b 91-41441
|
| 035 |
|
|
|a (RuTPU)RU\TPU\book\223006
|
| 090 |
|
|
|a 204578
|
| 100 |
|
|
|a 20111128d1991 m a0rusy5003 ca
|
| 101 |
0 |
|
|a rus
|
| 102 |
|
|
|a RU
|
| 105 |
|
|
|a a z 001zy
|
| 200 |
1 |
|
|a Четверные системы
|e новый подход к построению и анализу
|f Д. А. Петров
|
| 210 |
|
|
|a Москва
|c Металлургия
|d 1991
|
| 215 |
|
|
|a 281,[2] с.
|c ил.
|d 30 см
|
| 320 |
|
|
|a Библиогр.: с. 283. (9 назв.)
|
| 610 |
1 |
|
|a физико-химические системы
|
| 610 |
1 |
|
|a четверные системы
|
| 610 |
1 |
|
|a двухфазное равновесие
|
| 610 |
1 |
|
|a растворимость
|
| 610 |
1 |
|
|a эвтектический разрез
|
| 675 |
|
|
|a 669.017
|z rus
|
| 700 |
|
1 |
|a Петров
|b Д. А.
|g Дмитрий Андреевич
|4 070
|
| 801 |
|
0 |
|a RU
|b RuMRKP
|c 19950417
|g psbo
|
| 801 |
|
1 |
|a RU
|b 63413507
|c 20111128
|
| 801 |
|
2 |
|a RU
|b 63413507
|c 20111130
|g RCR
|
| 942 |
|
|
|c BK
|